LIBRARY & INFORMATION CENTRE, KCAET, TAVANUR

ONLINE PUBLIC ACCESS CATALOGUE (OPAC)

Annual review of energy / (Record no. 1833)

MARC details
000 -LEADER
fixed length control field 00437cam a2200169ua 4500
003 - CONTROL NUMBER IDENTIFIER
control field OSt
008 - FIXED-LENGTH DATA ELEMENTS--GENERAL INFORMATION
fixed length control field 241101b |||||||| |||| 00| 0 eng d
041 ## - LANGUAGE CODE
Language code of text/sound track or separate title eng
082 ## - DEWEY DECIMAL CLASSIFICATION NUMBER
Classification number 621.47
Item number HOL/AN
100 ## - MAIN ENTRY--AUTHOR NAME
Personal name Hollandar, Jack.M .
245 ## - TITLE STATEMENT
Title Annual review of energy /
260 ## - PUBLICATION, DISTRIBUTION, ETC. (IMPRINT)
Place of publication USA :
Name of publisher Annual review INC ,
Year of publication 1985.
300 ## - PHYSICAL DESCRIPTION
Number of Pages 711 ; .
700 1# - ADDED ENTRY--PERSONAL NAME
Personal name Brooks , Harvay .
700 1# - ADDED ENTRY--PERSONAL NAME
Personal name Sternlight, David .
942 ## - ADDED ENTRY ELEMENTS (KOHA)
Koha item type Books
Holdings
Withdrawn status Lost status Damaged status Home library Current library Shelving location Date acquired Full call number Accession Number Koha item type
      KAUAET KAUAET Shelf- 7A 19/08/1986 621.47 HOL/AN 15381 Books
free website counter